| 000 | 00787nam a22002297a 4500 | ||
|---|---|---|---|
| 999 |
_c9810 _d9810 |
||
| 003 | AR-CdUCM | ||
| 008 | 190328b ||||| |||| 00| 0 spa d | ||
| 040 |
_aMUNICIPALIDAD PROVINCIAL DEL CUSCO _cBIBLIOTECA MUNICIPAL DEL CUSCO |
||
| 041 | _hfre | ||
| 082 |
_22ed. _a396 / _bL21 / 1907 |
||
| 100 |
_aLamy, Esteban _926265 |
||
| 245 | _aLa mujer del porvenir / | ||
| 260 |
_aBarcelona : _bGustavo Gili, _c1907. |
||
| 300 |
_a210 páginas ; _c18 cm. |
||
| 505 | _aContenido: Las mujeres y la ciencia -- La mujer y los pensadores -- La mujer y la enseñanza del estado. | ||
| 650 |
_aMujeres _93760 |
||
| 650 |
_aCondiciones sociales _91132 |
||
| 650 |
_aEstado social y legal _926266 |
||
| 700 |
_aHurtado, Juan de Dios S. (traducción) _926267 |
||
| 942 |
_2ddc _cLIBROS |
||
| 945 | _aachl | ||